El Islam, más que una religión: y otros artículos publicados en Le Monde Diplomatique, seis inéditos en Chile

Gardado en:
Detalles Bibliográficos
Formato: Libro
Idioma:Lingua castelá
Publicado: Santiago Aún Creemos en los Sueños 2002
Subjects:
Tags: Engadir etiqueta
Sen Etiquetas, Sexa o primeiro en etiquetar este rexistro!

MARC

LEADER 00000nam a2200000 a 4500
001 UCM8708
003 CL-VaPUC
008 030321e20020000CL |||||||||||||||||spa|d
082 0 4 |a 297  |b ISL  |2 21 
245 1 3 |a El Islam, más que una religión: y otros artículos publicados en Le Monde Diplomatique, seis inéditos en Chile 
300 |a 93 p 
942 |c BK 
945 |d 20030321 00:00:00  |a cmena 
260 |a Santiago  |b Aún Creemos en los Sueños  |c 2002 
650 0 |a Islamismo  |9 314084 
650 0 |a Creencias religiosas   |9 373391 
650 0 |a Musulmanes  |9 332296 
583 |a last modification  |c 20030321 00:00:00  |k Rodrigo Vera 
999 |c 303155  |d 303153 
952 |0 0  |1 0  |4 0  |6 297_000000000000000_ISL_2002  |7 0  |8 A  |9 364275  |a BIBHIS  |b BIBHIS  |d 2019-11-21  |i 388130K  |o 297 ISL 2002  |p 388130K  |r 2025-01-20  |w 2019-11-21  |y BK  |k HIS